| 000 | 00512nam a2200181Ia 4500 | ||
|---|---|---|---|
| 008 | 240925s9999 xx 000 0 und d | ||
| 020 | _a9788131715529 | ||
| 082 | _a519.5 WAL | ||
| 100 | _aWalpole ,Ronald E. | ||
| 245 | 0 | _aProbability and Statistics: for engineers and scientists | |
| 250 | _a8th | ||
| 260 |
_aNew Delhi: _bPearson Education _c,2007. |
||
| 300 |
_axxiv,1190p. _bN.A _fOriginal |
||
| 500 | _aIncludes Index | ||
| 600 | _aEngineering Technology | ||
| 650 | _aNatural Science | ||
| 942 | _cBK | ||
| 999 |
_c12221 _d12221 |
||